000 00273nam a22001217a 4500
008 181121b xxu||||| |||| 00| 0 eng d
041 _aeng
080 _a610.073
100 _a2
101 _aINF
245 _aMaternal Child Nursing Care
_cHisley.SH
942 _2udc
_cBK
999 _c52261
_d52261